Personnages Célimène Molière texte - Statistiques

Statistiques générales
  • Ce quiz a été pris 4 fois
  • Le résultat moyen est 29 sur 197
Statistiques - réponses
Hint Réponse % Correct
11 | 79 | 86 | 183 A
100%
47 | 170 Ce
100%
184 T
100%
6 Contre
50%
5 Grand
50%
55 | 185 Il
50%
9 Irrite
50%
39 | 77 | 95 | 193 Je
50%
26 | 93 | 187 La
50%
71 Le
50%
160 Ma
50%
1 | 76 Mais
50%
16 Parler
50%
136 Plus
50%
159 | 202 Pour
50%
22 | 31 | 70 | +5 others Que
50%
12 | 53 | 100 | 205 Qui
50%
131 Qu'il
50%
122 Qu'on
50%
4 | 67 Si
50%
8 | 10 | 32 | +4 others Vous
50%
15 Vu
50%
125 Aller
0%
141 Amant
0%
118 Assez
0%
166 Avec
0%
91 Aveu
0%
152 Aveux
0%
54 Balance
0%
169 Caprice
0%
23 | 44 Cette
0%
72 Choix
0%
51 Cœur
0%
113 Coeur
0%
158 Consens
0%
17 | 28 | 37 | +7 others De
0%
182 Demandez
0%
110 Des
0%
102 Désobligeant
0%
35 | 63 Deux
0%
21 Dieux
0%
81 | 107 Dire
0%
192 Dis
0%
105 Doivent
0%
117 Donne
0%
60 Doute
0%
137 Doux
0%
142 Du
0%
204 Eliante
0%
88 | 108 | 128 En
0%
133 Enfin
0%
61 Entre
0%
25 Est
0%
30 | 46 | 64 | +2 others Et
0%
89 Face
0%
69 Fait
0%
124 Fasse
0%
165 Fatigué
0%
85 Forte
0%
151 Franc
0%
83 Gene
0%
111 Gens
0%
27 Hors
0%
24 Instance
0%
139 Instruisent
0%
13 J'ai
0%
156 J'appréhende
0%
199 J'en
0%
203 Juge
0%
126 Jusqu'à
0%
188 Justice
0%
157 J'y
0%
7 Lui
0%
120 Lumière
0%
52 Maintenant
0%
143 Malheur
0%
164 | 197 Me
0%
19 Merite
0%
20 | 50 Mon
0%
196 Motif
0%
99 Mots
0%
153 N'a
0%
103 | 190 Ne
0%
48 | 56 | 66 N'est
0%
148 | 149 Non
0%
74 Nos
0%
123 Nous
0%
147 Oronte
0%
161 Part
0%
42 Parti
0%
49 | 194 Pas
0%
116 Penchant
0%
36 Peu
0%
57 | 106 Point
0%
45 Préférence
0%
41 | 201 Prendre
0%
109 Presence
0%
87 Prononcer
0%
195 Quel
0%
2 Quelle
0%
112 Qu'un
0%
38 Raison
0%
198 Retient
0%
65 | 154 Rien
0%
127 Rompre
0%
40 Sais
0%
29 Saison
0%
59 | 121 Sans
0%
104 Se
0%
98 | 145 Ses
0%
146 Soins
0%
18 | 115 Son
0%
101 Sont
0%
94 Sorte
0%
78 Souffre
0%
132 Suffit
0%
3 Sujet
0%
43 Sur
0%
58 Suspendu
0%
14 Tant
0%
168 Tel
0%
33 Temoigner
0%
138 Temoins
0%
68 Tôt
0%
34 Tout
0%
84 Trop
0%
96 Trouve
0%
90 | 140 | 150 | 167 Un
0%
82 Une
0%
200 Vais
0%
206 Vient
0%
129 Visière
0%
75 Voeux
0%
80 Vrai
0%
Aucun quiz correspondant
Distribution des résultats
% des personnes avec chaque résultat
Percentile par nombre de réponses
Votre historique - résultats
Vous n’avez pas pris ce quiz